First and Last Letters Quiz Stats

 Plays Quiz Updated Feb 15, 2017

Challenge
Share
Tweet
Embed
Score 0/20 Timer 06:00
0 Plays Today
Letters Answer % Correct
Ud Ss of AaUnited States of America
96.5%
Ge Wh te WdGone With the Wind
82.5%
Te Bg Bg TyThe Big Bang Theory
65.7%
Te Ld of te RsThe Lord of the Rings
61.2%
Te Sd Wd WrThe Second World War
57%
Yu Sk My Bp!You Sunk My Battleship!
52.7%
Ft Mn on te MnFirst Man on the Moon
52.2%
Rh te Rd-Nd RrRudolph, The Red-Nosed Reindeer
46.1%
Hy Pr ad te Cr of SsHarry Potter and the Chamber of Secrets
44%
Te Gt Pd of GaThe Great Pyramid of Giza
36%
Letters Answer % Correct
Jh ad te WeJonah and the Whale
35.7%
Gn By PsGreen Bay Packers
34.6%
Te Dl Ws PaThe Devil Wears Prada
33.6%
Te Gk AtThe Greek Alphabet
31.5%
Hy By to YuHappy Birthday to You
28.3%
Te Oc GsThe Olympic Games
27.1%
Te Tt ZeThe Twilight Zone
26%
Ar Bk in te WlAnother Brick in the Wall
24.8%
Te Pc TeThe Periodic Table
24.4%
By te Ve SrBuffy the Vampire Slayer
17.6%

You're not logged in!

Compare scores with friends on all Sporcle quizzes.
Join for Free
OR
Log In

You Might Also Like...

Show Comments

Extras

Top Quizzes Today


Score Distribution

Your Account Isn't Verified!

In order to create a playlist on Sporcle, you need to verify the email address you used during registration. Go to your Sporcle Settings to finish the process.

Report this User

Report this user for behavior that violates our Community Guidelines.

Details: